Toxicity Lyrics - Statistics

General Stats
  • This quiz has been taken 36 times
  • The average score is 11 of 14
Answer Stats
Lyrics % Correct
The {toxicity} of our city, our city
97%
{Disorder}, {disorder}, {disorder}
89%
How do you own {disorder}, {disorder}?
89%
Now, somewhere between the {sacred} {silence}
89%
{Sacred} {silence} and sleep
89%
Somewhere between the {sacred} {silence} and sleep
89%
Conversion, {software} version 7.0
86%
{Eating} {seeds} as a pastime activity
80%
Flashlight reveries caught in the {headlights} of a truck
77%
You, what do you own {the} {world}?
71%
More wood for their {fires}, loud neighbors
66%
Looking at life through the eyes of a {tire} {hub}
63%
When I {became} {the} {sun}
63%
I shone life into the {man}'{s} {hearts}
43%
No matching quizzes found
Score Distribution
Percent of People with Each Score
Percentile by Number Answered
Your Score History
You have not taken this quiz